01364cam a22002777a 450000100100000000500170001000800410002701000130006802000150008104000250009605000240012110000420014524500760018726001180026330000330038149000690041449000670048383000760055083000730062691000280069904900090072795201050073695201110084195201170095299900170106900001496020200929163930.0991125s1999 ve a 000 0 spa  a00274928 a9803510215 aDO-SdBNPbspacBNPHU 0aMLCM 2000/01343 (N)1 aMichelena, Arturo,d1863-1898.93386400aArturo Michelena, nino :bcoleccion Fundación Museo Arturo Michelena. aCaracas :bFundación Museo Arturo Michelena ;aValencia :bAlcaldia de Valencia, Dirección de Cultura,c1999. a36 p. :bcol. ill. ;c27 cm.1 aFundación Museo Arturo Michelena, Caracasv16 (catalogación)1 aFundación Museo Arturo Michelena, Caracasc17 (exposición) 0aFundación Museo Arturo Michelena, Caracasv16 (catalogación)933865 0aFundación Museo Arturo Michelena, Caracasv17(exposición)933865 aCatalogación derivada aBNGR 001050718MOaGRbGRcHDd2010-01-27iLF1l0o p14960-10r2020-06-25w2020-06-25y1ZNo se presta 001050718MOaGRbGRcCTd2010-01-27iLF1l0o p14960-20r2020-06-25te. 2w2020-06-25y1ZNo se presta 001154708MOaGRbGRcMId2010-05-19iLF1l0o p14960-30r2020-06-25te. 3w2020-06-25y4ZPréstamo en sala c14535d14535